Joggin' erlong /

Bibliographic Details
Main Author: Dunbar, Paul Laurence, 1872-1906
Format: Microform Book
Language:English
Published: New York : Dodd, Mead and Co., 1906.
Series:Afro-American rare book collection ; 54.

MARC

Tag First Indicator Second Indicator Subfields
LEADER 00000cam a2200000 a 4500
001 in00000098232
005 20150924085724.0
007 he bm| ba||
008 800905r1906 couac b 00010 eng d
035 |a (OCoLC)06686322 
035 |9 AAK9600AM 
040 |a UUM  |c UUM  |d m.c.  |d UtOrBLW 
049 |a TXAI 
099 |a fiche  |a C  |a 3967 
100 1 |a Dunbar, Paul Laurence,  |d 1872-1906. 
245 1 0 |a Joggin' erlong /  |c by Paul Laurence Dunbar ; illustrated with photographs by Leigh Richmond Miner and decorations by John Rae. 
264 1 |a New York :  |b Dodd, Mead and Co.,  |c 1906. 
300 |a 119 pages :  |b illustrations, portraits ;  |c 23 cm. 
336 |a text  |b txt  |2 rdacontent 
337 |a microform  |b h  |2 rdamedia 
338 |a microfiche  |b he  |2 rdacarrier 
533 |a Microfiche.  |b Denver, Colo. :  |c Kistler Data Management, Information Resources Division,  |d 1977.  |e 2 microfiches : ill., ports. ; 11 x 15 cm.  |f (Afro-American rare book collection ; [v.54]) 
500 |a Microform. 
830 0 |a Afro-American rare book collection ;  |v 54. 
999 |a MARS 
999 f f |s 59d14985-a012-3edc-a12e-6b4422c5b092  |i 7a922516-d741-33cc-8840-0b139920bdd7  |t 0 
952 f f |p normal  |a Texas A&M University  |b College Station  |c Sterling C. Evans Library  |d Evans: Microforms (3rd floor)  |t 0  |e fiche C 3967  |h Other scheme  |i microform -- microfiche  |m A14821397574 
998 f f |a fiche C 3967  |t 0  |l Evans: Microforms (3rd floor)